<?xml version="1.0" encoding="UTF-8"?>
<record
    xmlns:xsi="http://www.w3.org/2001/XMLSchema-instance"
    xsi:schemaLocation="http://www.loc.gov/MARC21/slim http://www.loc.gov/standards/marcxml/schema/MARC21slim.xsd"
    xmlns="http://www.loc.gov/MARC21/slim">

  <leader>01140nrm a2200253 ia4500</leader>
  <controlfield tag="005">20231106145722.0</controlfield>
  <controlfield tag="008">231018s2023    ja                gleng d</controlfield>
  <datafield tag="024" ind1=" " ind2=" ">
    <subfield code="a">4521718950846</subfield>
    <subfield code="c">RM 475.00</subfield>
  </datafield>
  <datafield tag="040" ind1=" " ind2=" ">
    <subfield code="b">eng</subfield>
    <subfield code="c">PPAK </subfield>
    <subfield code="a">PPAK </subfield>
    <subfield code="e">rda</subfield>
  </datafield>
  <datafield tag="082" ind1="0" ind2="4">
    <subfield code="a">629.893</subfield>
    <subfield code="2">23</subfield>
  </datafield>
  <datafield tag="090" ind1="0" ind2="0">
    <subfield code="a">629.893</subfield>
    <subfield code="b">ART</subfield>
    <subfield code="d">R</subfield>
  </datafield>
  <datafield tag="245" ind1="0" ind2="0">
    <subfield code="a">ArTeC BlockRobo Links : </subfield>
    <subfield code="b">Basic</subfield>
  </datafield>
  <datafield tag="264" ind1=" " ind2="1">
    <subfield code="a">Osaka, Japan : </subfield>
    <subfield code="b">Artec Co., Ltd., </subfield>
    <subfield code="c">2023</subfield>
  </datafield>
  <datafield tag="300" ind1=" " ind2=" ">
    <subfield code="a">1 box :  </subfield>
    <subfield code="b">1 battery box, 1 Dc Motor, 2 Dc Motor Connector, 10 Beam (White), 15 Axle (Black), 4 Red Gear (L), 2 Red Gear (S), 2 Disk, 2 Basic Cube (Red), 3 Basic Cube (Yellow), 6 Basic Cube (Aqua), 4 Basic Cube (Yellow-Green), 10 Half B (Blue), 21 Half C (Ligh Aqua), 4 Half D (Aqua), 1 block remover ;</subfield>
    <subfield code="c">23 cm x 18 cm. +</subfield>
    <subfield code="e">1 Builder's Guide. </subfield>
  </datafield>
  <datafield tag="336" ind1=" " ind2=" ">
    <subfield code="a">object</subfield>
    <subfield code="2">rdacontent</subfield>
  </datafield>
  <datafield tag="337" ind1=" " ind2=" ">
    <subfield code="a">unmediated</subfield>
    <subfield code="2">rdamedia</subfield>
  </datafield>
  <datafield tag="338" ind1=" " ind2=" ">
    <subfield code="a">volume</subfield>
    <subfield code="2">rdacarrier</subfield>
  </datafield>
  <datafield tag="500" ind1=" " ind2=" ">
    <subfield code="a">Building Guides for 4 Amazing Robots!</subfield>
  </datafield>
  <datafield tag="500" ind1=" " ind2=" ">
    <subfield code="a">With blocks, it's easy to build and rebuild!</subfield>
  </datafield>
  <datafield tag="500" ind1=" " ind2=" ">
    <subfield code="a">Requires 3 x 1.5V AA/R6 batteries (sold separately) </subfield>
  </datafield>
  <datafield tag="521" ind1=" " ind2=" ">
    <subfield code="a">8 years old and above</subfield>
  </datafield>
  <datafield tag="650" ind1="1" ind2="0">
    <subfield code="a">Robots</subfield>
  </datafield>
  <datafield tag="942" ind1=" " ind2=" ">
    <subfield code="2">ddc</subfield>
    <subfield code="c">GAM</subfield>
  </datafield>
  <datafield tag="999" ind1=" " ind2=" ">
    <subfield code="c">193391</subfield>
    <subfield code="d">193391</subfield>
  </datafield>
  <datafield tag="952" ind1=" " ind2=" ">
    <subfield code="0">0</subfield>
    <subfield code="1">0</subfield>
    <subfield code="2">ddc</subfield>
    <subfield code="4">0</subfield>
    <subfield code="7">1</subfield>
    <subfield code="b">PPAK</subfield>
    <subfield code="c">R</subfield>
    <subfield code="d">2023-11-07</subfield>
    <subfield code="l">0</subfield>
    <subfield code="o">R 629.893 ART</subfield>
    <subfield code="p">A01795989</subfield>
    <subfield code="r">2023-11-07 12:12:25</subfield>
    <subfield code="v">451.25</subfield>
    <subfield code="y">GAM</subfield>
  </datafield>
  <datafield tag="952" ind1=" " ind2=" ">
    <subfield code="0">0</subfield>
    <subfield code="1">0</subfield>
    <subfield code="2">ddc</subfield>
    <subfield code="4">0</subfield>
    <subfield code="7">1</subfield>
    <subfield code="b">PPAK</subfield>
    <subfield code="c">R</subfield>
    <subfield code="d">2023-11-07</subfield>
    <subfield code="l">0</subfield>
    <subfield code="o">R 629.893 ART</subfield>
    <subfield code="p">A01795990</subfield>
    <subfield code="r">2023-11-07 12:12:25</subfield>
    <subfield code="v">451.25</subfield>
    <subfield code="y">GAM</subfield>
  </datafield>
</record>
